00632nam a2200181 i 4500001000300000100001900003245010100022260002200123490004100145830003600186040000800222041000800230942000700238008004100245999001700286856009800303952004900401bg1 aROBERTS, J. M. 0aOd wieków średnich po wiek Oświecenia.nCz. 4,pŚwiat wielu światów /cJ.M. Roberts. aŁódź,c1987.1 aIlustrowana historia świata ;vt.2 aIlustrowana historia świata ; cBPK apol cKS s pl f |000 0 pol  c23850d23850 uhttp://koha.tu.koszalin.pl/cgi-bin/koha/opac-detail.pl?biblionumber=23850yKatalog online BPK 00104070aBPKbBPKcwo34081p01182989yKS